MARC details
| 000 -BAŞLIK |
| Sabit Uzunluktaki Kontrol Alanı |
04436nam a22003497a 4500 |
| 001 - KONTROL NUMARASI |
| Control Dosyası |
0045899 |
| 003 - KONTROL NUMARASI KİMLİĞİ |
| Kontrol Alanı |
KOHA_MİRAKIL |
| 005 - EN SON İŞLEM TARİHİ ve ZAMANI |
| Kontrol Alanı |
20260207003500.0 |
| 007 - FİZİKSEL TANIM SABİT ALAN - GENEL BİLGİ |
| Sabit uzunluklu kontrol alanı |
ta |
| 008 - SABİT UZUNLUKTAKİ VERİ ÖGELERİ - GENEL BİLGİ |
| Sabit Alan |
140702b2014 tu a|||grt|||#0|||0|tur | |
| 020 ## - ISBN - ULUSLARARASI STANDART KİTAP NUMARASI |
| Isbn |
9786054667604 |
| 040 ## - KATALOGLAMA KAYNAĞI |
| Özgün Kataloglama Kurumu |
TR-BiSEU |
| Kataloglama Dili |
tur |
| Çeviri Kurumu |
TR-BiSEU |
| Açıklama Kuralları |
rda |
| 041 0# - DİL KODU |
| Metin ya da ses kaydının dil kodu |
tur |
| 044 ## - YAYINLAYAN/ÜRETEN KURULUŞUN ÜLKE KODU |
| ISO country code |
tu |
| 050 ## - SINIFLAMA ve YER NUMARASI |
| Sınıflama Numarası |
GV661 |
| Yer Numarası |
.K35 2014 |
| 245 1# - ESER ADI BİLDİRİMİ |
| Başlık |
Onuncu kalkınma planı 2014-2018 : |
| Alt Eseradı vb. |
spor özel ihtisas komisyonu raporu. |
| 264 #1 - ÜRERİM, YAYIN, DAĞITIM ve TELİF BİLDİRİMİ |
| Yayın yeri |
Ankara : |
| Yayınlayan |
Kalkınma Bakanlığı |
| Yayın tarihi |
2014 |
| 300 ## - FİZİKSEL TANIMLAMA |
| Sayfa, Cilt vb. |
64 sayfa : |
| Diğer fiziki detaylar |
tablo; 30 cm. |
| 336 ## - İÇERİK TÜRÜ |
| Content type term |
metin |
| Content type code |
txt |
| Source |
rdacontent |
| 337 ## - MEDYA TÜRÜ |
| Media type term |
aracısız |
| Media type code |
n |
| Source |
rdamedia |
| 338 ## - TAŞIYICI TÜRÜ |
| Carrier type term |
cilt |
| Carrier type code |
nc |
| Source |
rdacarrier |
| 490 1# - DİZİ BİLDİRİMİ |
| Dizi Bildirimi |
Kalkınma Bakanlığı ; |
| Cilt Numarası |
yayın no : KB : 2866- ÖİK ; |
| -- |
716. |
| 500 ## - GENEL NOT |
| Genel Not |
Kaynakça var. |
| 505 ## - İÇİNDEKİLER NOTU |
| İçindekiler Notu |
ÖNSÖZ iü |
| 650 #0 - KONU BAŞLIĞI EK GİRİŞ - KONU TERİMİ |
| Konusal terim veya coğrafi ad |
Ekonomik kalkınma projeleri--Türkiye |
| 9 (RLIN) |
8987 |
| 650 #0 - KONU BAŞLIĞI EK GİRİŞ - KONU TERİMİ |
| Konusal terim veya coğrafi ad |
Spor--Türkiye |
| 9 (RLIN) |
25506 |
| 650 #0 - KONU BAŞLIĞI EK GİRİŞ - KONU TERİMİ |
| Konusal terim veya coğrafi ad |
Economic development projects--Turkey |
| 9 (RLIN) |
4225 |
| 650 #0 - KONU BAŞLIĞI EK GİRİŞ - KONU TERİMİ |
| Konusal terim veya coğrafi ad |
Sports--Turkey |
| 9 (RLIN) |
24084 |
| 830 1# - SERİ EK GİRİŞİ - TEKBİÇİM ESER ADI |
| Tekbiçim Başlık |
Kalkınma Bakanlığı ; |
| Volume number/sequential designation |
yayın no : KB : 2866- ÖİK ; |
| -- |
716. |
| 9 (RLIN) |
84475 |
| 907 ## - LOCAL DATA ELEMENT G, LDG (RLIN) |
| a |
Rapor |
| 942 ## - EK GİRİŞ ÖGELERİ (KOHA) |
| Source of classification or shelving scheme |
Library of Congress Classification |
| Koha item type |
Book |
| 505 ## - İÇİNDEKİLER NOTU |
| -- |
İÇİNDEKİLER v |
| -- |
TABLOLAR LİSTESİ vii |
| -- |
KISALTMALAR ix |
| -- |
KOMİSYON ÜYELERİ xi |
| -- |
YÖNETİCİ ÖZETİ xiii |
| -- |
1. GİRİŞ 1 |
| -- |
2. TÜRK SPOR SİSTEMİNİN MEVCUT DURUM ANALİZİ 2 |
| -- |
2.1. Türk Spor Politikası ve Yönetimi 2 |
| -- |
2.2. Sporcu İstatistikleri 5 |
| -- |
2.3. Antrenör İstatistikleri 7 |
| -- |
2.4. Spor Alanında Yerel Yönetimlerin Durumu 9 |
| -- |
2.5. Spor Kulüpleri 10 |
| -- |
2.6. Spor Federasyonları 14 |
| -- |
2.7. Spor Eğitimi 16 |
| -- |
2.7.1. İlk ve Orta Dereceli Okullarda Spor Eğitimi 17 |
| -- |
2.7.2. Spor Liselerinde Spor Eğitimi 19 |
| -- |
2.7.3. Yükseköğretimde Spor Eğitimi 19 |
| -- |
2.7.4. Antrenör Eğitimi 21 |
| -- |
2.8. Elit Sporcu Seçimi ve Eğitimi 21 |
| -- |
2.9. Mevzuat Düzenlemeleri 22 |
| -- |
2.10 Spor Tesisleri 23 |
| -- |
2.11. Spor Endüstrisi ve Ekonomisi 25 |
| -- |
2.12. Sponsorluk ve Vergi Uygulamaları 26 |
| -- |
2.13. Engelliler ve Spor 27 |
| -- |
2.14. Sporcu ve Spor Elemanlarının Sağlık ve Sosyal Güvenliği 29 |
| -- |
2.15. Etik Uygulamalar 31 |
| -- |
2.16. Sporda İletişim ve Medya 34 |
| -- |
2.17. Bilgi ve İletişim Teknolojileri 34 |
| -- |
2.18. Uluslararası İlişkiler 35 |
| -- |
2.18.1 .Uluslararası Spor Kuruluşlarında Türkiye'nin Temsili 35 |
| -- |
2.18.2.Spor Alanında Düzenlenen Uluslararası Toplantılara Katılım 36 |
| -- |
3. SPOR ALANINDA ONUNCU PLAN DÖNEMİ PERSPEKTİFİ 37 |
| -- |
3.1. Sporun Dünyada ve Türkiye'deki Gelişme Eğilimleri 37 |
| -- |
3.1.1. Sporun Günlük Yaşamda Daha Fazla Yer Alması 37 |
| -- |
3.1.2. Spor Endüstrisinin Büyümesi 37 |
| -- |
3.1.3. Sponsorluk Uygulamalarındaki Artış 38 |
| -- |
3.1.4. Tesisleşmenin Artması 38 |
| -- |
3.1.5. Sağlık Alanındaki Gelişmeler ve Hareketsizliğe Bağlı Hastalıkların Artması 39 |
| -- |
3.1.6. Ar-Ge Faaliyetlerinin ve BİT Kullanımının Artması 39 |
| -- |
3.1.7. Medyanın Rolünün Artması 40 |
| -- |
3.1.8. Spor Sektöründe Uzmanlaşma ve İşbölümünün Artması 40 |
| -- |
3.2. Türkiye'nin Spordaki 2023 Vizyonu 40 |
| -- |
3.3. Sporda Onuncu Plan Dönemi Hedefleri 41 |
| -- |
4. ONUNCU PLAN DÖNEMİNE İLİŞKİN UYGULAMA ÖNERİLERİ 42 |
| -- |
4.1. Türk Spor Politikası ve Yönetiminin İyileştirilmesi 42 |
| -- |
4.2. Sporcu Altyapısının Güçlendirilmesi 43 |
| -- |
4.3. Antrenörlerin Nitelik ve Nicelik Olarak İyileştirilmesi 43 |
| -- |
4.4. Yerel Yönetimlerin Spor Alanındaki Etkinliğinin Artırılması 44 |
| -- |
4.5. Spor Kulüplerinin Kurumsal Kapasitelerinin Güçlendirilmesi 44 |
| -- |
4.6. Spor Federasyonlarının Kurumsal Kapasitelerinin Güçlendirilmesi 45 |
| -- |
4.7. Spor Eğitiminin İyileştirilmesi 45 |
| -- |
4.8. Elit Sporcu Seçimi, Yönlendirme ve Normlandırma Sistemlerinin Geliştirilmesi 47 |
| -- |
4.9. Mevzuat Düzenlemelerinin İhtiyaçlar Doğrultusunda Hayata Geçirilmesi .........48 |
| -- |
4.10. Spor Tesislerinin Doğru Planlanması ve Etkin İşletiminin Sağlanması 49 |
| -- |
4.11. Spor Endüstrisi ve Ekonomisinin Güçlendirilmesi 50 |
| -- |
4.12. Spor Finansmanının İyileştirilmesi ve Sponsorluğun Teşvik Edilmesi 50 |
| -- |
4.13. Engellilere Yönelik Spor Hizmetlerinin İyileştirilmesi 51 |
| -- |
4.14. Spor Elemanlarının Sağlık ve Sosyal Güvenlik İmkanlarının İyileştirilmesi 52 |
| -- |
4.15. Sporda Şiddetin ve Etik Olmayan Uygulamaların Önlenmesi 53 |
| -- |
4.16. Spor Medyasının Etkin Kullanımının Sağlanması 55 |
| -- |
4.17. Bilgi ve İletişim Teknolojilerinin Etkin Kullanımının Sağlanması 55 |
| -- |
4.18. Türkiye'nin Dünya Sporundaki Konumunun Güçlendirilmesi 56 |
| -- |
5. SONUÇ VE GENEL DEĞERLENDİRME 57 |
| -- |
KAYNAKÇA. 63 |